| 000 | 00899nam a2200289 i 4500 | ||
|---|---|---|---|
| 003 | DO-SdBNP | ||
| 005 | 20260212105559.0 | ||
| 007 | ta | ||
| 008 | 260212s2025 dr a 000 0 spaspa d | ||
| 020 | _a9789945934663 | ||
| 040 |
_aDO-SdBNP _bspa _cBNPHU _erda |
||
| 041 | _aspa | ||
| 082 | 4 |
_axxx _bR457L _222 |
|
| 100 | 1 |
_aReyes Peña, Gladys A. _937920 _eautor |
|
| 245 | 1 | 0 |
_aLengua Española : _baprendiendo con Tatica , 2do. grado, primer ciclo / _cGladys A. Reyes Peña ; Lía, Sued C. |
| 264 |
_aSanto Domingo : _bEditora Búho, _c2025 |
||
| 300 |
_a265 páginas : _bilustraciones _c29 cm. |
||
| 336 |
_2rdacontent _atexto _btxt |
||
| 337 |
_2rdamedia _asin mediación _bn |
||
| 338 |
_2rdacarrier _avolumen _bnc |
||
| 500 | _aVersion scrip. | ||
| 521 | _aPreescolar | ||
| 590 | _aInventariado, 2026/DG | ||
| 700 | 1 |
_aSued, Lía, _eilustraciones _978178 |
|
| 910 | _aDG | ||
| 942 |
_2ddc _cLBS1 |
||
| 999 |
_c60305 _d60305 |
||